Možnosti využitia informačných technológií v medzinárodnom podnikaní bakalárska práca

Saved in:
Bibliographic Details
Main Author: Takáčová, Romana
Corporate Author: Obchodná fakulta EU. Katedra informatiky obchodných firiem
Other Authors: Potisková, Ingrid
Format: Book
Language:Slovak
Published: Bratislava 2018
Tags: Add Tag
No Tags, Be the first to tag this record!

MARC

LEADER 00000nbm a2200000 4500
001 0245099
005 20180810093126.5
041 0 |a slo 
044 |a SK 
245 1 0 |a Možnosti využitia informačných technológií v medzinárodnom podnikaní  |b bakalárska práca  |c Romana Takáčová ; školiteľ: Ingrid Potisková 
264 1 |a Bratislava  |c 2018 
300 |a 40 s. 
100 1 |a Takáčová, Romana 
700 1 |a Potisková, Ingrid 
710 2 |a Obchodná fakulta EU. Katedra informatiky obchodných firiem